Tin học ứng dụng (Excel ứng dụng) trong phân tích, đầu tư và tài chính

Quyển sách này đóng vai trò như một quyển cẩm nang hữu ích nhằm hướng dẫn người dùng hiểu và sử dụng tốt những cú pháp hàm tài chính trong việc phân tích và xử lý các phép toán tài chính một cách nhanh chóng và tiện lợi nhất....

Descrizione completa

Salvato in:
Dettagli Bibliografici
Autore principale: Đỗ Thiên Anh Tuấn
Natura: Libro
Lingua:Vietnamese
Pubblicazione: H. Lao động - Xã hội 2013
Soggetti:
Tags: Aggiungi Tag
Nessun Tag, puoi essere il primo ad aggiungerne! !
Thư viện lưu trữ: Thư viện Trường Đại học Nam Cần Thơ
LEADER 01158nam a22001937a 4500
001 NCT_148564
008 230410b xxu||||| |||| 00| 0 vie d
999 |c 7654  |d 7654 
020 |c 150000 
082 0 4 |2 23rd ed.  |a 332  |b T502 
100 1 |a Đỗ Thiên Anh Tuấn 
245 1 0 |a Tin học ứng dụng (Excel ứng dụng) trong phân tích, đầu tư và tài chính  |c Đỗ Thiên Anh Tuấn 
260 |a H.  |b Lao động - Xã hội  |c 2013 
300 |a 390 tr.  |c 27cm  |e có kèm đĩa CD 
520 3 |a Quyển sách này đóng vai trò như một quyển cẩm nang hữu ích nhằm hướng dẫn người dùng hiểu và sử dụng tốt những cú pháp hàm tài chính trong việc phân tích và xử lý các phép toán tài chính một cách nhanh chóng và tiện lợi nhất. 
653 |a Tài chính Ngân hàng 
942 |2 ddc  |c BK 
952 |0 0  |1 0  |2 ddc  |4 0  |6 332_000000000000000_T502  |7 0  |9 27508  |a 000001  |b 000001  |d 2023-04-10  |o 332 T502  |p MD.21762  |r 2023-04-10  |v 150000.00  |w 2023-04-10  |y BK 
980 |a Thư viện Trường Đại học Nam Cần Thơ